| 000 | 00882nam a2200265 i 4500 | ||
|---|---|---|---|
| 001 | 12560 | ||
| 003 | ES-MaACL | ||
| 005 | 20230906150338.0 | ||
| 007 | t| | ||
| 008 | 970218s1996 sp ||||0| spa j | ||
| 020 | _a84-01-37579-7 | ||
| 040 |
_aM-BN _bspa _cM-BN |
||
| 080 | _a929 Gorbachiov, Mijail Sergueevich | ||
| 080 | _a32 Gorvachiov, Mijail Sergueevich | ||
| 100 | 1 |
_aGorbachiov, Mijail Sergueevich. _959129 |
|
| 245 | 1 | 0 |
_aMemorias / _cMijaíl Gorbachov ; traducción de José Luis Gil Aristu. |
| 250 | _a1ª ed. | ||
| 260 |
_aBarcelona : _bCírculo de Lectores : _bPlaza & Janés, _c1996. |
||
| 300 |
_a2 v. (1417 p., [16] p. de lám.) ; _c23 cm. |
||
| 500 | _aTraducción de: Erinnerungen. | ||
| 600 | 1 | 4 |
_aGorbachiov, Mijail Sergueevich. _959129 |
| 700 | 1 |
_aGil Aristu, José Luis. _956766 |
|
| 852 |
_aES-MaACL _jL-19887-8 _bR.126168 |
||
| 999 |
_c12560 _d12560 |
||